00525nmm a2200169Ia 4500008004100000020001800041041000800059100004000067245004700107264004400154300001800198490004100216650002300257856005100280942000700331999001700338251105s9999||||xx |||||||||||||||||und|| a9788476581926 aspa aMartínez Lorca, Andrés (coord.) 0aEnsayos sobre la filosofía en al-Andalus a[Madrid, España] :bAnthropos, c1990 a468 páginas aAutores, textos y temas. Filosofía aPhilosophy, Ethics uhttps://public.digitaliapublishing.com/a/66522 cCF c85097d85097